Sports Quiz

Random Sports or Baseball Quiz

Players who love freebies Quiz Stats

Quiz not verified by Sporcle

Challenge
Share
Tweet
Embed
Score 0/30 Timer 05:00
0 Plays Today
% Correct
David Ortiz
100%
Jose Bautista
66.7%
Prince Fielder
66.7%
Adam Dunn
66.7%
Joey Votto
33.3%
Miguel Cabrera
33.3%
Nick Swisher
33.3%
Lance Berkman
33.3%
Dustin Pedroia
33.3%
Curtis Granderson
33.3%
Evan Longoria
33.3%
Chris Young
33.3%
Bobby Abreu
33.3%
Paul Konerko
33.3%
Mark Teixeira
33.3%
% Correct
Ryan Howard
33.3%
Adrian Gonzalez
33.3%
Matt Kemp
33.3%
Gaby Sanchez
33.3%
Carlos Beltran
33.3%
B.J. Upton
33.3%
Carlos Pena
0%
Carlos Santana
0%
Ian Kinsler
0%
Andrew McCutchen
0%
Ben Zobrist
0%
Mark Reynolds
0%
Jayson Werth
0%
Alex Avila
0%
Jay Bruce
0%

You're not logged in!

Compare scores with friends on all Sporcle quizzes.
Join for Free
OR
Log In

You Might Also Like...

Show Comments

Extras

Top Quizzes Today


Score Distribution

Your Account Isn't Verified!

In order to create a playlist on Sporcle, you need to verify the email address you used during registration. Go to your Sporcle Settings to finish the process.

Report this User

Report this user for behavior that violates our Community Guidelines.

Details: